Balanç d'actuació : 1995 - 1999 1995 - 1999
Descripción Física:
42 p. : taules, gràf. ; 30 cm
MARC
| LEADER | 00000nam a2200000Ia 4500 | ||
|---|---|---|---|
| 001 | 19597 | ||
| 008 | 160829s1999 xx 000 0 cat d | ||
| 080 | |a FU-9-20 | ||
| 245 | |a Balanç d'actuació : |b 1995 - 1999 | ||
| 260 | |a Barcelona : |b Diputació de Barcelona. Àrea d'Educació, |c 1999 | ||
| 300 | |a 42 p. : |b taules, gràf. ; |c 30 cm | ||
| 650 | |a Barcelona. Diputació. Àrea d'Educació |x Memòries |9 40083 | ||
| 710 | |a Barcelona (Catalunya : Província). |b Àrea d'Educació |9 8009 | ||
| 901 | |a Arxiu | ||
| 942 | |n 1 | ||
| 952 | |0 0 |1 0 |4 0 |6 FU920 |7 1 |9 49402 |a Arxiu |b Arxiu |d 2016-12-01 |l 0 |o FU-9-20 |p 19597 |r 2016-12-01 00:00:00 |w 2016-12-01 |y ARXIU | ||
| 999 | |c 53244 |d 53244 | ||